Hiệu quả của vi khuẩn cố định đạm và hòa tan lân lên giống lúa IR50404 trên vùng đất phèn ở huyện Thoại Sơn - Tỉnh An Giang : Luận văn tốt nghiệp Cao học. Chuyên ngành Sinh thái học

Xác định hiệu quả của vi khuẩn cố định đạm Klebsiella pneumoniae HKN1 và vi khuẩn hòa tan lân Pantoea agglomerans HP2

保存先:
書誌詳細
第一著者: Đặng, Thị Yến Nhung
フォーマット: 図書
言語:Undetermined
出版事項: Cần Thơ Trường Đại học Cần Thơ 2016
主題:
タグ: タグ追加
タグなし, このレコードへの初めてのタグを付けませんか!
Thư viện lưu trữ: Trung tâm Học liệu Trường Đại học Cần Thơ
LEADER 01077nam a2200217Ia 4500
001 CTU_216767
008 210402s9999 xx 000 0 und d
082 |a 633.18 
082 |b Nh513 
088 |a 60420120 
100 |a Đặng, Thị Yến Nhung 
245 0 |a Hiệu quả của vi khuẩn cố định đạm và hòa tan lân lên giống lúa IR50404 trên vùng đất phèn ở huyện Thoại Sơn - Tỉnh An Giang : 
245 0 |b Luận văn tốt nghiệp Cao học. Chuyên ngành Sinh thái học 
245 0 |c Đặng Thị Yến Nhung ; Trần Thị Ngọc Sơn, Nguyễn Hữu Hiệp (Người hướng dẫn) 
260 |a Cần Thơ 
260 |b Trường Đại học Cần Thơ 
260 |c 2016 
520 |a Xác định hiệu quả của vi khuẩn cố định đạm Klebsiella pneumoniae HKN1 và vi khuẩn hòa tan lân Pantoea agglomerans HP2 
650 |a Cây lúa,Rice 
904 |i Nhi,Hải 
980 |a Trung tâm Học liệu Trường Đại học Cần Thơ